Statistics for Name The Sport

Click here to take the quiz!

General Stats

  • This quiz has been taken 1,244 times
    (1,191 since last reset)
  • The average score is 25 of 36

Answer Stats

HintAnswer% Correct
The World Game, Cristiano RonaldoFootball (Soccer)
100%
Michael JordanBasketball
98%
Roger FedererTennis
97%
Tiger WoodsGolf
95%
Billy SlaterRugby League
95%
Usain BoltAthletics
94%
Quade CooperRugby Union
94%
Michael PhelpsSwimming
94%
Peyton ManningAmerican Football
92%
Mostly Played In Australia It Is A Type Of Football And Adam Goods Is Famous For This SportAustralian Rules Football
91%
Played With A Stick And Usually Played On Ice Or A FieldHockey
91%
Floyd MayweatherBoxing
90%
John CenaWrestling
88%
A Game Were You Have To Roll A Ball Down An Alley Way And Knock Over As Many Pins As You CanBowling
87%
Tony HawkSkating
86%
Babe RuthBaseball
83%
A Sport Were You And Your Opponent Each Have A Stick/Sword And Have To Hit Each OtherFencing
75%
A Sport In The Olympics That Is Sometimes Performed On A Bar/BeamGymnastics
69%
This Sport Is Big In Asia And Has The Word Tennis In ItTable Tennis
64%
This Is An Olympic Sport Were You Have A Bow And Arrow And Have To Shoot At A TargetArchery
63%
A Sport Were You Have To Lift A Heavy Object And You Need To Be Very StrongWeightlifting
61%
A Form Of FightingMartial Arts
60%
A Sport Done On Snow/Ice And You Have To Propel Yourself Around Obstacles And JumpsSkiing
60%
You Have To Wear Special Shoes And Glide Around On IceIce Skating
57%
An Olympic Sport, This Sport Is Performed In A Boat And With OarsRowing
55%
A Sport Played With A Racket, And Shares A Name With A Yellow VegetableSquash
51%
Sebastian VettelMotor Sport
49%
An Olympic Sport Were You Have A Rifle And Have To Shoot At A TargetShooting
49%
This Sport Can Be Played In Many Different Ways, In This Form The Ball Is Bounced And Then Thrown Into A GoalEuropean Handball
45%
Michael ClarkeCricket
44%
An Type Of Soccer/Football Thats Played IndoorsFutsal
39%
This Sport Is A Bit Like Basketball But You Cant Dribble The Ball And Only Two Positions Can Shoot When Shooting The Ball Is Shot Into A HoopNetball
36%
Misty MayVolleyball
33%
Cadel EvansCycling
31%
George St PierreUFC
28%
Mathew MitchellDiving
10%

Score Distribution

Percentile by Number Answered

Percent of People with Each Score

Your Score History

You have not taken this quiz since the last reset